Ciudades de Argentina - Estadísticas

Estadísticas generales
  • Esta prueba ha sido intentada 86 veces
  • La puntuación promedio es 15 de 20
Estadísticas de respuestas
Hint Respuesta % Correcto
Es la ciudad más importante del país. Buenos Aires
94%
Es el principal destino para hacer playa del país. Mar del Plata
91%
Es conocida como la ciudad del fin del mundo. Ushuaia
90%
Es la Capital Mundial del Vino. Mendoza
87%
Es la ciudad en la que se hace base para visitar a las Cataratas del Iguazú. Puerto Iguazú
87%
Es la ciudad en la que se hace base para visitar al Glaciar Perito Moreno. El Calafate
84%
Es conocida por su chocolate. Bariloche
82%
Es la ciudad por excelencia para el avistaje de ballenas. Puerto Madryn
82%
En esta ciudad se encuentra el Monumento a La Bandera. Rosario
82%
Es la ciudad en la que se encuentra la Casa Histórica de la Independencia. Tucumán
81%
Es la única ciudad que se encuentra en la Patagonia que lleva el nombre de su provincia. Neuquén
78%
Llleva el nombre de uno de los ríos más importantes del país. Paraná
75%
Es la capital provincial ubicada más al norte del país. San Salvador de Jujuy
74%
Se encuentra en la frontera con Uruguay, a la altura de Fray Bentos. Gualeguaychú
71%
Es la ciudad más norteña del país. La Quiaca
69%
Es la ciudad gemela de la capital de Paraguay (Asunción). Clorinda
62%
Es la ciudad más al sur de la Provincia de Buenos Aires. Carmen de Patagones
59%
Es una ciudad cordillerana de origen galés. Trevelin
59%
Es la segunda ciudad más poblada de la Provincia de Mendoza. San Rafael
57%
Una reconocida marca de quesos lleva su nombre. Santa Rosa
51%
No se encontraron pruebas coincidentes
Distribución de puntuación
Porcentaje de gente con cada puntuación
Porcentaje por número respondido
Historial de tus puntuaciones
No has intentado esta prueba.